000
00292nam a22001337a 4500
008
170505b xxu||||| |||| 00| 0 eng d
020
_a
9780314942814
041
_a
eng
080
_a
343
100
_a
14
101
_a
SHJ
245
_a
CAPITAL PUNISHMENT
_c
GROSSMAN.M
942
_2
udc
_c
BK
999
_c
12827
_d
12827